| 000 | 01164nam a22002177a 4500 | ||
|---|---|---|---|
| 999 |
_c57006 _d57006 |
||
| 003 | Ge_BSU | ||
| 005 | 20191002114236.0 | ||
| 008 | 191002s2019 ge ||||| |||| 00| 0 geo d | ||
| 020 | _a9789941106781 | ||
| 041 | _ageo | ||
| 080 | _a34(09) ს-21 | ||
| 245 |
_aსამართლისა და პოლიტიკური აზროვნების ისტორიის ნარკვევები : IV წიგნი : კრებული / _c რედ : გოჩა ფერაძე. |
||
| 264 |
_aთბილისი : _bმერიდიანი, _c2019. |
||
| 300 |
_a1167 გვ. : _bცხრ. ; _c20 სმ. |
||
| 504 | _aბიბლოგრაფ.გვ: 1124-1149 | ||
| 546 | _aპარალელური თავფურცელი ინგლისურ ენაზე | ||
| 653 | _aსამართალი | ||
| 700 |
_aფერაძე , გოჩა _eრედაქტორი _94434 |
||
| 710 |
_eთინათინ წერეთლის სახელმწიფოსა და სამართლის ინსტიტუტი _94435 |
||
| 942 |
_2udc _cBK |
||